Sudden death - Colombian cities - Statistics

General Stats
  • This quiz has been taken 42 times
  • The average score is 9 of 14
Answers on the Grid
Answers color-coded by a green-red scale on the quiz's grid according to % correct below.
Caracas
Albany
Bogota
Brasilia
Barranquilla
Paramaribo
Medellin
Cali
Kingston
Edinburgh
Ponta delgada
Cartagena
Bucaramanga
Ibague
Belmopan
Leticia
Guayaquil
Praia
Armenia
Savanna La-mar
Cucuta
Dallas
Canberra
Aurangabad
Pereira
Soacha
Georgetown
Popayan
Maracaibo
Sincelejo
 
Answer Stats
Answer % Correct
Bogota
97%
Medellin
85%
Cartagena
79%
Barranquilla
76%
Cali
76%
Bucaramanga
74%
Cucuta
74%
Pereira
59%
Popayan
59%
Ibague
56%
Leticia
56%
Sincelejo
56%
Soacha
50%
Armenia
41%
No matching quizzes found
Score Distribution
Percent of People with Each Score
Percentile by Number Answered
Your Score History
You have not taken this quiz